Normal view
MARC view
Entry Personal Name
001 - CONTROL NUMBER
- control field: 19228
003 - CONTROL NUMBER IDENTIFIER
- control field: OSt
005 - DATE AND TIME OF LATEST TRANSACTION
- control field: 20211105134359.0
008 - FIXED-LENGTH DATA ELEMENTS
- fixed length control field: 211105|| aca||aabn | a|a d
040 ## - CATALOGING SOURCE
- Original cataloging agency: OSt
- Transcribing agency: OSt
100 ## - HEADING--PERSONAL NAME
- Personal name: Balona, L., ed
670 ## - SOURCE DATA FOUND
- Source citation: Work cat.: (OSt): Symposium of the International Astronomical Union on Pulsation, Rotation, and Mass Loss in Early-Type Stars 162th France 1993 Oct. 5-8 19226, Pulsation, rotation, and mass loss in early-type Stars, 1994